Current Political Leaders in Europe - Statistics

General Stats
  • This quiz has been taken 774 times
    30 since last reset
  • The average score is 11 of 40
Answer Stats
Country Head of State / Government % Correct
President of Russia Vladimir Putin
79%
President of the European Commission Ursula von der Leyen
75%
King of the United Kingdom Charles III
71%
President of France Emmanuel Macron
71%
Prime Minister of the United Kingdom Keir Starmer
71%
Head of the Catholic Church and sovereign of the Vatican City State Pope Leo XIV
67%
Prime Minister of Hungary Péter Magyar
58%
President of Turkey Recep Tayyip Erdoğan
58%
President of Belarus Alexander Lukashenko
50%
King of Spain Felipe VI
50%
Prime Minister of Poland Donald Tusk
42%
Federal Chancellor of Germany Friedrich Merz
42%
President of Ukraine Volodymyr Zelenskyy
38%
President of the European Parliament Roberta Metsola
33%
Sovereign Prince of Monaco Albert II
25%
President of Serbia Aleksandar Vučić
21%
President of the European Council António Costa
21%
King of Sweden Carl XVI Gustaf
21%
Prime Minister of Finland Petteri Orpo
21%
King of Belgium Philippe
21%
Federal Chancellor of Austria Christian Stocker
17%
Prime Minister of Albania Edi Rama
17%
Prime Minister of Portugal Luís Montenegro
17%
President of Italy Sergio Mattarella
17%
King of the Netherlands Willem-Alexander
17%
King of Denmark Frederik X
13%
King of Norway Harald V
13%
President of Romania Nicușor Dan
13%
President of Ireland Catherine Connolly
8%
Grand Duke of Luxembourg Guillaume V
8%
Prime Minister of Greece Kyriakos Mitsotakis
8%
President of Bulgaria Rumen Radev
8%
Prime Minister of North Macedonia Hristijan Mickoski
4%
Prime Minister of Iceland Kristrún Frostadóttir
4%
President of Slovakia Peter Pellegrini
4%
President of Czech Republic Petr Pavel
4%
Prime Minister of Montenegro Milojko Spajić
0%
President of Slovenia Nataša Pirc Musar
0%
Presidency of Bosnia and Herzegovina Željko Komšić / Željka Cvijanović / Denis Bećirović
0%
President of Croatia Zoran Milanović
0%
No matching quizzes found
Score Distribution
Percent of People with Each Score
Percentile by Number Answered
Your Score History
You have not taken this quiz since the last reset